| 000 | 01439nam a2200349 i 4500 | ||
|---|---|---|---|
| 003 | DO-SdBNP | ||
| 005 | 20250714102146.0 | ||
| 007 | ta | ||
| 008 | 140701s2021 dr 001 0 spa d | ||
| 020 | _a9789945443622 (serie) | ||
| 020 | _a9789945629040 (v. 283) | ||
| 040 |
_aDO-SdBNP _bspa _cBNPHU _erda |
||
| 041 | _aspa | ||
| 082 | 4 |
_aR016.33097293 _bB582e 2021 _222 |
|
| 245 | 0 | 0 |
_aBibliografía económica dominicana 2019-2020 / _cedición, José Alcántara Almánzar y Elvis Francis Soto. |
| 264 | 4 |
_aSanto Domingo : _bBanco Central de la República Dominicana, _c©2021. |
|
| 300 |
_axxiii, 211 páginas ; _c23 cm. |
||
| 336 |
_atexto _btxt _2rdacontent |
||
| 337 |
_asin mediación _bnc _2rdamedia |
||
| 338 |
_avolumen _bn _2rdacarrier |
||
| 490 | 1 |
_aBanco Central de la República Dominicana _v283 |
|
| 490 | 1 |
_aBibliografía económica _v17 |
|
| 500 | _aIncluye índice de materia y de autores | ||
| 590 | _aInventariado, 2022 / YL | ||
| 651 | 4 |
_aRepública Dominicana _xCondiciones económicas _y2011-2012 _vBibliografías _972462 |
|
| 651 | 4 |
_aRepública Dominicana _xPolítica económica _y2011-2012 _vBibliografías _972463 |
|
| 700 | 1 |
_aAlcántara Almánzar, José, _eeditor _4ed. _987139 |
|
| 700 | 1 |
_aSoto, Elvis Francis, _eeditor _4ed. _939156 |
|
| 830 |
_aBanco Central de la República Dominicana _n283-17 _pBibliografía económica _988332 |
||
| 910 | _aYLockward/Validado. Control de calidad MFF | ||
| 942 |
_2ddc _cLBS1 |
||
| 999 |
_c51634 _d51634 |
||